000
00304nam a2200097Ia 4500
082
_a
303.4|HABB
245
0
_a
South Africa's suspended revolution : hopes and prospects
100
_a
Habib, Adam Johannesburg, South Africa, 2013
_9
56892
942
_c
BK
008
210817s9999 xx 000 0 und d
999
_c
177967
_d
177966